| 000 | 00411nam a22001697a 4500 | ||
|---|---|---|---|
| 003 | NUST - PNEC | ||
| 005 | 20170116180840.0 | ||
| 008 | 150819b xxu||||| |||| 00| 0 eng d | ||
| 020 | _a- | ||
| 040 | _cLIBRARY | ||
| 082 | _a891.4394 RAF | ||
| 100 |
_95302 _aRafiq Dogar |
||
| 245 |
_aOperation Siachen _cRafiq Dogar |
||
| 260 | _cc1991. | ||
| 650 |
_95303 _aPakistan, India war _xGeneral |
||
| 942 |
_2ddc _cBK |
||
| 999 |
_c64369 _d64369 |
||